000 00965cab a2200301 4500
001 ABS47596
008 090401t1992 xxu||||| |||| 00| 0 eng d
035 _a(Sirsi) u62581
041 _aeng
245 _aFocus on finance
260 _c1992
350 _a0
490 _aEstates Gazette
_v(9247) 28 November 1992, 55-71(13)
520 _aSpecial report on the property finance sector. Highlights include articles on German investors moving into the UK property market, banks attempting to cut their exposure to property and a review of property lending in the late 1980s.
650 _aBANK LENDING
650 _aBONDS
650 _aGERMANY
650 _aINWARD INVESTMENT
650 _aLAW OF PROPERTY ACT RECEIVERS
650 _aPROPERTY DEBT
650 _aPROPERTY FINANCE
650 _aPROPERTY INVESTMENT
650 _aREFINANCING
650 _aYIELDS
690 _aPROPERTY-COMMERCIAL PROPERTY
942 _n0
948 _c04/03/1997
999 _c38864
_d38864